| Поле | Название | Значение |
| |
Тип записи |
a |
| |
Библиографический уровень |
m |
| 001 |
Контрольный номер |
RU/URAIT/584906 |
| 005 |
Дата корректировки |
20260429163656.8 |
| 008 |
Кодируемые данные |
260429s2026 RU y f j 000 0 rus u |
| 020 |
Индекс ISBN |
__ |
| a |
ISBN |
978-5-534-19903-1 |
| c |
Цена, тираж |
889.00 |
| 040 |
Источник каталогиз. |
__ |
| a |
Служба первич. каталог. |
ИКО Юрайт |
| c |
Служба, преобразующая запись |
ИКО Юрайт |
| e |
Правила каталог. |
RCR |
| 041 |
Код языка издания |
__ |
| a |
Код языка текста |
rus |
| 044 |
Код страны публикации |
__ |
| a |
Код страны публикации |
RU |
| 080 |
Индекс УДК |
__ |
| a |
Индекс УДК |
379.8.091.4(075.32) |
| 084 |
Индекс другой классификации/Индекс ББК |
__ |
| 2 |
Источник индекса |
rubbk |
| a |
Индекс другой классификации/Индекс ББК |
75.81я723 |
| 100 |
Автор |
__ |
| a |
Автор |
Каменец А. В. |
| q |
Полное имя |
Каменец Александр Владленович |
| 245 |
Заглавие |
__ |
| a |
Заглавие |
Организация социально-культурной деятельности. Молодежный туризм |
| b |
Продолж. заглавия |
учебник для спо |
| c |
Ответственность |
А. В. Каменец, М. С. Кирова, И. А. Урмина ; под общей редакцией А. В. Каменца. |
| 250 |
Сведения об издании |
__ |
| g |
|
испр. и доп |
| a |
Основные сведения об издании |
2-е изд. |
| 256 |
Характеристики компьютерного файла |
__ |
| a |
Характеристики компьютерного файла |
Электрон. дан. |
| 260 |
Выходные данные |
__ |
| a |
Место издания |
Москва |
| b |
Издательство |
Юрайт |
| c |
Дата издания |
2026 |
| 300 |
Физическое описание |
__ |
| a |
Объем |
189 с |
| 440 |
Серия |
__ |
| a |
Серия |
Профессиональное образование |
| 500 |
Примечания |
__ |
| a |
Примечание |
URL: https://urait.ru/bcode/584906 (дата обращения: 29.04.2026). |
| 520 |
Аннотация |
__ |
| a |
Аннотация |
В курсе отражены теоретические основы и практика туристической деятельности молодежи социальной направленности. Молодежный социальный туризм представлен как сложный социокультурный феномен. В курсе раскрывается сущность молодежного социального туризма как объекта социокультуного проектирования, основные технологии организации, стратегии, а также организационно-экономические основы молодежного социального туризма. Приложения, размещенные в конце курса, способствуют лучшему усвоению материалов. |
| 538 |
Прим. о системных особенностях |
__ |
| a |
Прим. о системных особенностях |
Режим доступа: Электронно-библиотечная система Юрайт, для авториз. пользователей |
| 653 |
Ключевые слова |
__ |
| a |
Ключевые слова |
Социальная работа |
| 653 |
Ключевые слова |
__ |
| a |
Ключевые слова |
Педагогика, психология, социальная работа |
| 653 |
Ключевые слова |
__ |
| a |
Ключевые слова |
Основы туризма |
| 653 |
Ключевые слова |
__ |
| a |
Ключевые слова |
Организация социально-культурной деятельности |
| 653 |
Ключевые слова |
__ |
| a |
Ключевые слова |
Туризм |
| 653 |
Ключевые слова |
__ |
| a |
Ключевые слова |
Специальные виды туризма |
| 653 |
Ключевые слова |
__ |
| a |
Ключевые слова |
Организация туризма |
| 653 |
Ключевые слова |
__ |
| a |
Ключевые слова |
Введение в туризм |
| 653 |
Ключевые слова |
__ |
| a |
Ключевые слова |
Туризм. Общие вопросы |
| 653 |
Ключевые слова |
__ |
| a |
Ключевые слова |
Рекреационный туризм |
| 653 |
Ключевые слова |
__ |
| a |
Ключевые слова |
Предоставление социальных услуг гражданам в различных формах социального обслуживания |
| 653 |
Ключевые слова |
__ |
| a |
Ключевые слова |
Предоставление туроператорских и турагентских услуг |
| 700 |
Другие авторы |
__ |
| a |
Другие авторы |
Кирова М. С. |
| q |
Полное имя |
Кирова Марина Сергеевна |
| 700 |
Другие авторы |
__ |
| a |
Другие авторы |
Урмина И. А. |
| q |
Полное имя |
Урмина Ирина Александровна |
| 856 |
Электронный адрес документа |
40 |
| n |
Местонахождение сервера |
Юрайт |
| g |
|
Электронная книга |
| q |
Тип электронного формата |
html |
| h |
Имя пользователя |
ЮРАЙТ |
| v |
Часы доступа к ресурсу |
20271231 |
| 2 |
Способ доступа |
Показать документ |
| x |
Служебное примечание |
https://urait.ru/book/cover/C10ACEDF-2F43-4E2C-AE38-E16F8000CD08 |
| u |
URL |
https://urait.ru/bcode/584906 |
| 856 |
Электронный адрес документа |
48 |
| q |
Тип электронного формата |
cover |
| u |
URL |
https://urait.ru/book/cover/C10ACEDF-2F43-4E2C-AE38-E16F8000CD08 |
| 911 |
|
__ |
| u |
|
0030=https://urait.ru/bcode/584906 |
| 911 |
|
__ |
| u |
|
073a=9785534199031 |
| u |
|
073d=889.00 |
| 911 |
|
__ |
| u |
|
106a=s |
| 911 |
|
__ |
| u |
|
900l= |
| 952 |
Тип литературы |
__ |
| i |
Дисциплина |
Основы туризма |
| 952 |
Тип литературы |
__ |
| i |
Дисциплина |
Организация социально-культурной деятельности |
| 952 |
Тип литературы |
__ |
| i |
Дисциплина |
Туризм |
| 952 |
Тип литературы |
__ |
| i |
Дисциплина |
Специальные виды туризма |
| 952 |
Тип литературы |
__ |
| i |
Дисциплина |
Организация туризма |
| 952 |
Тип литературы |
__ |
| i |
Дисциплина |
Введение в туризм |
| 952 |
Тип литературы |
__ |
| i |
Дисциплина |
Туризм. Общие вопросы |
| 952 |
Тип литературы |
__ |
| i |
Дисциплина |
Рекреационный туризм |
| 952 |
Тип литературы |
__ |
| i |
Дисциплина |
Предоставление социальных услуг гражданам в различных формах социального обслуживания |
| 952 |
Тип литературы |
__ |
| i |
Дисциплина |
Предоставление туроператорских и турагентских услуг |